000 00590nam a2200205Ia 4500
005 20250508160509.0
008 008 250505s9999 xx 000 0 eng d
037 _aTextual
040 _aFEDL
_beng
_cFEDL
041 _aeng
_2eng
084 _a152.1, HAB
_qFEDL
100 _aHaber Ralph Norman Ed.
245 0 _aInformation-processing approaches to visual perception
260 _aNew York, USA
_bHolt, Rinehart and Winston
_c1969
300 _aix,418p.
365 _aINR
_b78.84
650 _aPerception
942 _cTEXL
_h152.1, HAB
999 _c1364979
_d1364979